Η πίστις ως βίωμα. Tόμος όγδοος, Η αναγκαιότητα του αγώνα, η σπουδαιότητα της θυσίας /
Αποθηκεύτηκε σε:
| Συγγραφή απο Οργανισμό/Αρχή: | |
|---|---|
| Μορφή: | Βιβλίο |
| Γλώσσα: | Greek |
| Δημοσίευση: |
Αθήναι :
Εκδόσεις Συζήτησις,
1999
|
| Θέματα: | |
| Ετικέτες: |
Προσθήκη ετικέτας
Δεν υπάρχουν, Καταχωρήστε ετικέτα πρώτοι!
|
MARC
| LEADER | 00000nam a2200000 i 4500 | ||
|---|---|---|---|
| 001 | 1/11325 | ||
| 008 | 101214r1999 gre d | ||
| 035 | |l 10109370 | ||
| 040 | |a GR-MY-UA |b gre |e aacr | ||
| 041 | 0 | |a gre | |
| 082 | 0 | |a 210 |2 (22) | |
| 110 | 2 | |a Ένωσις Ελληνικός Πολιτισμός. | |
| 245 | 1 | 2 | |a Η πίστις ως βίωμα. |n Tόμος όγδοος, |p Η αναγκαιότητα του αγώνα, η σπουδαιότητα της θυσίας / |c Ένωσις Ελληνικός Πολιτισμός ; Αλέξανδρος Ν. Τσιριντάνης |
| 260 | |a Αθήναι : |b Εκδόσεις Συζήτησις, |c 1999 | ||
| 300 | |a 146 σ.; |c 21 εκ. | ||
| 500 | |a Επιλογή ανέκδοτων προφορικών εισηγήσεων από τα κατάλοιπα Αλέξανδρου Ν. Τσιριντάνη | ||
| 504 | |a Περιλαμβάνει βιβλιογραφικές παραπομπές | ||
| 650 | 0 | 0 | |a Faith. |
| 650 | 0 | 0 | |a Religion |x Philosophy. |
| 650 | 0 | 0 | |a Religion and ethics. |
| 650 | 0 | 0 | |a Religion and science. |
| 700 | 1 | |a Τσιριντάνης, Αλέξανδρος Ν. |d 1903-1977. |4 oth | |
| 740 | 0 | 2 | |a Η αναγκαιότητα του αγώνα, η σπουδαιότητα της θυσίας |
| 852 | |a INST |b CHIOS |e 20101214 |h 210 ΕΝΩ |p 005200032307 |q 005200032307 |t BK |y 0 | ||
| 901 | |a BIBL2-2010-3 | ||
| 909 | |a Χ |b 148532 | ||
| 920 | |a ΕΝΩΣΙΣ ΕΛΛΗΝΙΚΟΣ ΠΟΛΙΤΙΣΜΟΣ |y ΧΙΟΣ |z 2010-01 | ||
| 970 | |a ΣΑΛΑΜΟΥΡΑ |b ΜΑΡΙΑ |z 2010/12/14 | ||